Olympics medal table - Paris 1924 - Statistics

General Stats
  • This quiz has been taken 14 times
  • The average score is 8 of 11
Answer Stats
Gold Silver Bronze Total Nation % Correct
13 15 10 38 France
100%
45 27 27 99 United States
100%
9 13 12 34 Great Britain
93%
8 3 5 16 Italy
86%
4 1 5 10 Netherlands
79%
7 8 10 25 Switzerland
79%
3 7 3 13 Belgium
71%
5 2 3 10 Norway
71%
4 13 12 29 Sweden
71%
14 13 10 37 Finland
57%
1 4 5 10 Czechoslovakia
29%
No matching quizzes found
Score Distribution
Percent of People with Each Score
Percentile by Number Answered
Your Score History
You have not taken this quiz